KMB Kowloon route quiz 九巴九龍路線 - Statistics

General Stats
  • This quiz has been taken 38 times
  • The average score is 57 of 106
Answer Stats
Answer % Correct
1
100%
2
100%
5
88%
1A
85%
2A
85%
2B
85%
6
85%
2D
77%
3B
77%
3D
77%
9
77%
10
73%
12
73%
17
73%
2F
73%
3C
73%
7
73%
8
73%
11
69%
14
69%
15
69%
16
69%
18
69%
21
69%
2E
69%
2P
69%
3M
69%
3X
69%
5C
69%
23
65%
24
65%
2X
65%
5A
65%
5D
65%
5X
65%
6X
65%
26
62%
27
62%
28
62%
5M
62%
5P
62%
5R
62%
6C
62%
6D
62%
6F
62%
6P
62%
8A
62%
8P
62%
11B
58%
11C
58%
11D
58%
11X
58%
12A
58%
15A
58%
15X
58%
3S
58%
6R
58%
7B
58%
7M
58%
12P
54%
13D
54%
13M
54%
13P
54%
13X
54%
14X
54%
16M
54%
11K
50%
14B
50%
14D
50%
14H
50%
16X
50%
23M
50%
26M
50%
26X
50%
14S
46%
28B
42%
28S
42%
203C
38%
203E
38%
29M
35%
214
31%
203S
27%
208
27%
213D
27%
213M
27%
213S
27%
213X
27%
214P
27%
215X
27%
216M
27%
219X
27%
X6C
27%
203X
23%
211
23%
211A
23%
213A
23%
213B
23%
215P
23%
215R
23%
224X
23%
224R
15%
N213
15%
N214
15%
N216
15%
N3D
12%
W2
8%
No matching quizzes found
Score Distribution
Percent of People with Each Score
Percentile by Number Answered
Your Score History
You have not taken this quiz